Państwa w których żyje najwięcej Ukrainców - Statystyki

Ogólne statystyki
  • Ten quiz został rozwiązany 135 razy
  • Średni wynik to 15 z 20
Statystyki odpowiedzi
Lp. Liczba Ukrainców Państwo % Poprawnych
3. 1 651 918 Polska
100%
2. 1 864 000 Rosja
97%
1. 37 541 700 Ukraina
97%
6. 1 125 000 Niemcy
95%
16. 159 656 Białoruś
92%
18. 106 697 Francja
91%
7. 1 028 492 Stany Zjednoczone
91%
8. 636 282 Czechy
84%
12. 264 528 Hiszpania
84%
5 1 359 655 Kanada
84%
14. 228 637 Słowacja
83%
13. 251 923 Rumunia
82%
10. 347 183 Włochy
77%
15. 181 035 Mołdawia
73%
20. 95 000 Turcja
62%
4. 1 500 000 Brazylia
56%
9. 387 000 Kazachstan
54%
19. 98 010 Holandia
53%
11. 305 000 Argentyna
45%
17. 124 602 Uzbekistan
28%
Nie znaleziono quizów pasujących do podanych kryteriów
Rozkład punktacji
Procent ludzi z każdym wynikiem
Percentyl według liczby udzielonych odpowiedzi
Twoja historia wyników
Nie rozwiązałeś tego quizu